Statistics for Geometry Dash - Top 75 Demons (2.12.2022 - Updated)

Click here to take the quiz!

General Stats

  • This quiz has been taken 6,957 times
    (1,174 since last reset)
  • The average score is 24 of 75

Answer Stats

#Creator(s)Verifier/PublisherLevel's name% Correct
2icedcave, EndLevel, Brittank88 and 4 morespaceuk / icedcaveSlaughterhouse
89%
1Riot, ryamu, icedcave, Komp and 10 moreZoink / ryamuAcheron
88%
39Play 1107696LuqualizerSilent Club
83%
4TheRealSailentzoe / TheRealSailentSilent Clubstep
79%
6CherryTeamTrickFirework
76%
5Nick24, DrCuber, Korewa and 6 moreDiamondSakupen Circles
74%
3Exen, CDMusic, MegaSkill, DigitalZero and 12 moreCursed / ExenAbyss of Darkness
73%
46Manix648, Namtar, Quasar and 9 moreKnobbelboyBloodlust
72%
11Riot, Hinds, EndLevel, Vermillon and 7 moreDolphyTartarus
72%
15Bo, El3ctr0, Geemi, rWoomy and 4 morenSwish / BoBoBoBoBoBoBoThe Golden
67%
13(Cyclic) and the APTeamXanii / APTeamOfficialSonic Wave Infinity
65%
7MaxfsultracauaHD / Maxfsarcturus
62%
20Bianox, Terron, EndLevel, NikroPlays and 10 morenpestaKenos
62%
18Bianox, RicoLP, Rustam, Juhou, Pennutoh and 15 more- / BianoxZodiac
61%
9Komp, nikroplays and viriVarium / KompHard Machine
56%
12Konsi, Synd, Trasher, vit12 and 5 moreLordVadercraftMayhem
45%
16Renn241 and GhostVandalfiIiLaSeRiIi / Renn241Walter White
45%
8benji8080, eth, goob and silverdice88Oblivion
44%
10VoTcHi and SyQualVoTcHi / SyQualThe Hallucination
43%
14SyQual and RainstormBaeru / SyQualTrueffet
43%
17NishaNishaVerdant Landscape
38%
38neigefeuKeir / neigefeuRUST
37%
34para, Sminx and WulzyKapinapi / paraCold Sweat
35%
60Dorami, DanZmeN, alkali, FarDreamer and 17 moreDoramiThe Yandere
34%
19EndLevel, Culuc, Antares and DeadloxDoggie / EndLevelAerial Gleam
33%
22ItsHybrid, rWoomy, iIiViRuZiIi, Isane and 21 moreCrisis / ItsHybridKeres
32%
23NikroPlaysrori / NikroPlaysRenevant
32%
25HidekiXAtomicThinking Space
32%
32TrueOmega, EndLevel, Zimnior12, NikroPlays and 8 morerWooshi / TrueOmegaCrimson Planet
31%
45Renn241Comlayze / Renn241Jesse Pinkman
28%
27Optic Sunflow, Kugelblitz, xNorth, Eyeris and CypherSpamdrew128 / KugelblitzSARY NEVER CLEAR
28%
35EndLevel and benji8080nSwish / EndLevelCognition
27%
30icedcave, Loogiah, Endlevel, Realvet, River and DoopCursed / icedcaveSUPERHATEMEWORLD
27%
24EndLevel, Realvet, River and ConnectedRicoLP / EndLevelPromethean
25%
47Knobbelboy, PanMan, Platnuu, Rustam, Xaro and 9 moreTechnical49 / KnobbelboyRagnarok
25%
33Walroose, HelpegasuS, Zylenox, CairoX, Xaren and 18 more- / WalrooseCalculator Core
24%
49PrestaFloofle / PrestaCongregation
24%
36Cyclic, Riot, Sunix and the APTeamDoSh7t / APTeamOfficialCosmic Cyclone
24%
57EndLevel, Kugelblitz, BoldStep, Metalface221 and 10 morenpesta / EndLevelDeimos
24%
28StarkytheSalad and zzzgeckoBrianTheBurger / StarkytheSaladLotus Flower
24%
61SrGuillester, notIsa and DienidSrGuillesterNhelv
24%
59MindCap, RoiMousti, Juhou, Jenkins and 23 moreTechnical49 / MindCapSigma
24%
58EndLevel and iIiViRuZiIiMetalface221Arctic Lights
23%
63Gablor, EndLevel and MinaxaGablorKowareta
23%
48Platnuu and ZipixboxRG / PlatnuuOmega Interface
23%
21Yuko, Gablor, Duke, arekushi14 and ZentraaBaeru / YukoShukketsu
23%
31EndLevel, iIiViRuZiIi, Gablor, Yuko and 6 morevaen / EndLevelFragile
20%
37CairoX and DonutTVrWooshi / CairoXLucid Nightmares
20%
64ViPriN, AbstractDark, Loserchik67 and 12 moreTechnical49 / ViPriNOuroboros
18%
66LiebZeronium / LiebATOMIC CANNON
17%
40Kibakiseta / KibaShardscapes
17%
42Riot, GrenadeOfTacos, Vermillion, spcreat and 13 moreBGram / GrenadeOfTacosDescent Into Exile
16%
29KeiAs, SyQual, BoGyung, Yonaka and 23 moreBaeru / SyQualEsfera
16%
68Giron and ZeostarZeostarPlasma Pulse Finale
16%
26GhostVandalfFranzy / GhostVandalfqoUEO
16%
67TrueParadoxTeamkhrizmass / TrueParadoxTeamFrozen Cave
15%
71TempTempSpectrum Cyclone
15%
43Ka1nsDolphy / Ka1nsThe Rupture
15%
41Rainstorm, Zeta, Cloud72, Xiko and 27 moreVoTcHiAkashic Records
14%
73EndLevel, El3ctr0 and LimeTime313kyoto / EndLevelAquatic Auroras
13%
55Exen, Isane, Bird, DBlade, ettery and 6 moreKotamon / ExenAronia
13%
50Exen, Buragoz, Baker, Kentakiman and 5 moreAtomic / ExenAsterios
13%
52VARSEVARSECITRA
12%
44Armadeus, nwolc, maxmur, Spectex and 15 morenSwish / ArmadeusKappa
12%
65Krampux, Vismuth, ThorMode, Mulpan, KeiAs and 18 moreSeturan / KrampuxVisible Ray
11%
53theParadoxTeamZeronium / theParadoxTeamno jokes
10%
75Nibus, Colorbolt, Yuko, Kiba and 22 moreOzzy / NimbusStorming Summit
10%
62paravinny / parauntitled unmastered
10%
69Renn241saturn / Renn241CHROMA FINALE
9%
56mbed, Sink, talia and 5 morekyoto / mbedThe Art of the Blade
9%
72AwedsyKurumi / AwedsyCalamity
7%
51
VulgarisAerae, Rainstorm, 1374, SyQual and 6 moreJeller / VulgarisAeraeTerminux
7%
54Seturan, SyQual, Xiko and 4 moreSeturanPagoda
6%
70Zeniux and ZeusGDmaxis044 / ZeniuxSZYSLAK
4%
74Swib and BibuBibu / SwibELLIPSISM
3%

Score Distribution

Percentile by Number Answered

Percent of People with Each Score

Your Score History

You have not taken this quiz since the last reset